| 000 | 00928nam a22003377a 4500 | ||
|---|---|---|---|
| 001 | BR7100368 | ||
| 003 | BR-BrBNA | ||
| 005 | 20230928083647.0 | ||
| 007 | ta | ||
| 008 | 230509b bl.||||| |||| 00| 0 por d | ||
| 040 |
_aBR-BrBNA _bpor _cBiblioteca Nacional de Agricultura |
||
| 041 | _a(Por) | ||
| 072 |
_aL00; L10 _b7900 |
||
| 090 | _ 7900 BR7100368 | ||
| 100 | 1 | _aAbreu, O.C. | |
| 110 | 1 |
_aInstituto de Zootecnia, Nova odessa, SP (Brasil) _96281 |
|
| 245 | 1 | _aPreparo tecnico de ovos do bicho-da-seda [Bombyx mori; Acasalamento] | |
| 250 | 1 | _a2. ed | |
| 260 | 3 |
_aNova Odessa, SP (Brasil): _c1971. |
|
| 300 | _a108 p. | ||
| 500 | _aSummary (Eng) | ||
| 650 | _aProducao animal | ||
| 650 | _aMelhoramento genetico animal | ||
| 650 | _aBicho da seda | ||
| 650 | _aCasulo | ||
| 650 | _aAcasalamento | ||
| 650 | _aOvo | ||
| 650 | _aReproducao animal | ||
| 909 |
_a202309 _bLucia _c55 _dLucia Elande |
||
| 942 | _cBK | ||
| 999 |
_c14678 _d14678 |
||